Anything but Canada - Statistics

General Stats
  • This quiz has been taken 69 times
  • The average score is 32 of 55
Answer Stats
Hint Answer % Correct
Begin w C Colombia
93%
end in A (in the Americas) Colombia
93%
Begin w C Cuba
82%
end in A (in the Americas) Cuba
82%
have a flag of just white and red Indonesia
82%
are the other 5 biggest crude oil producers United States
82%
Begin w C China
79%
Begin w C Costa Rica
79%
end in A (in the Americas) Costa Rica
79%
end in A (in the Americas) Venezuela
79%
have a flag of just white and red Poland
75%
Begin w C Cambodia
74%
Begin w C Cameroon
74%
end in A (in the Americas) Argentina
72%
Begin w C Chad
72%
are the other 5 biggest crude oil producers Saudi Arabia
72%
Begin w C Comoros
70%
Begin w C Croatia
68%
have a flag of just white and red Japan
68%
have more than 50,000 islands Japan
68%
have a capital beginning with O Norway
68%
have more than 50,000 islands Norway
68%
end in A (in the Americas) Nicaragua
67%
are the other 5 biggest crude oil producers Russia
67%
end in A (in the Americas) Jamaica
65%
have a flag of just white and red Monaco
65%
end in A (in the Americas) Antigua and Barbuda
63%
end in A (in the Americas) Bolivia
63%
Begin w C Czech Republic
63%
end in A (in the Americas) Dominica
63%
end in A (in the Americas) Guatemala
63%
end in A (in the Americas) Guyana
63%
end in A (in the Americas) Panama
63%
Begin w C Chile
60%
end in A (in the Americas) Saint Lucia
58%
have more than 50,000 islands Sweden
58%
Begin w C Central African Republic
56%
end in A (in the Americas) Grenada
53%
have more than 50,000 islands Finland
47%
Begin w C Congo
46%
have a flag of just white and red Denmark
46%
have a flag of just white and red Austria
44%
Begin w C Cape Verde
44%
Begin w C Cyprus
44%
have a flag of just white and red Switzerland
39%
have a capital beginning with O Burkina Faso
37%
are the other 5 biggest crude oil producers Iraq
35%
have a flag of just white and red Qatar
33%
have a flag of just white and red Singapore
33%
have a flag of just white and red Latvia
32%
have a flag of just white and red Bahrain
25%
have a flag of just white and red Turkey
25%
have a flag of just white and red Georgia
18%
have a flag of just white and red Tonga
14%
have a flag of just white and red Tunisia
11%
No matching quizzes found
Score Distribution
Percent of People with Each Score
Percentile by Number Answered
Your Score History
You have not taken this quiz